Italo Calvino : l'invisibile e il suo dove /

Bibliographic Details
Main Author: Ossola, Carlo (Author)
Format: Book
Language:Italian
Published: Milano : VP, Vita e pensiero, [2016]
Series:Grani di senape.
Subjects:

MARC

Tag First Indicator Second Indicator Subfields
LEADER 00000cam a2200000Mi 4500
001 in00003792821
005 20170927140117.0
008 151016s2016 it b 001 0dita d
020 |a 9788834331217 
020 |a 8834331214 
029 1 |a ZWZ  |b 193344351 
035 |a (OCoLC)ocn947940168 
035 |a (OCoLC)947940168 
040 |a C3L  |b eng  |e rda  |c C3L  |d TXA  |d UtOrBLW 
043 |a e-it--- 
049 |a TXAM 
050 4 |a PQ 
082 1 4 |a 853  |2 14 
090 |a PQ4809.A45  |b Z795 2016 
100 1 |a Ossola, Carlo,  |e author.  |0 http://id.loc.gov/authorities/names/n79021113 
245 1 0 |a Italo Calvino :  |b l'invisibile e il suo dove /  |c Carlo Ossola. 
264 1 |a Milano :  |b VP, Vita e pensiero,  |c [2016] 
300 |a 120 pages. ;  |c 20 cm. 
336 |a text  |b txt  |2 rdacontent 
337 |a unmediated  |b n  |2 rdamedia 
338 |a volume  |b nc  |2 rdacarrier 
490 1 |a Grani di senape 
500 |a Partly already publ. 2012 by UTET in Letteratura italiana. 
500 |a Bound. 
500 |a C. Ossola teaches at the Collège de France. 
504 |a Includes bibliographical references and index. 
600 1 0 |a Calvino, Italo  |x Criticism and interpretation. 
830 0 |a Grani di senape.  |0 http://id.loc.gov/authorities/names/no2011196587 
938 |a Casalini Libri  |b CASA  |n 3074752 
994 |a C0  |b TXA 
948 |a cataloged  |b h  |c 2016/6/14  |d c  |e blrosas  |f 2:09:48 pm 
999 f f |s fa33e28b-0f31-3f52-9c2c-8d4b28e62506  |i d95404a6-4501-3c8d-9045-f69fe882dc44  |t 0 
952 f f |p normal  |a Texas A&M University  |b College Station  |c Sterling C. Evans Library  |d Evans: Library Stacks  |t 0  |e PQ4809.A45 Z795 2016  |h Library of Congress classification  |i unmediated -- volume  |m A14843561797 
998 f f |a PQ4809.A45 Z795 2016  |t 0  |l Evans: Library Stacks